000 00895nam a22002657a 4500
001 BR8702908
003 BR-BrBNA
005 20230928092542.0
007 ta
008 230509b bl.||||| |||| 00| 0 por d
040 _aBR-BrBNA
_bpor
_cBiblioteca Nacional de Agricultura
041 _a(Por)
072 _aF62
090 _ F62 BR8702908
100 1 _aRena, A.B.
110 1 _aUniversidade Federal de Vicosa, MG (Brasil). Escola Superior de Agricultura
_910996
245 1 _aNotas sobre as substancias reguladoras do crescimento e do desenvolvimento das plantas
260 3 _aVicosa, MG (Brasil):
_c1970.
300 _avp.
500 _a8 ref. (*) Documento disponível na(o) Universidade Federal de Vicosa, MG (Brazil). Escola Superior de Agricultura
650 _aFISIOLOGIA VEGETAL
650 _aREGULADOR DE CRESCIMENTO
909 _a202309
_bLucia
_c55
_dLucia Elande
942 _cBK
999 _c39759
_d39759